Erreichbare Städte von Bonn Hauptbahnhof - Statistiken

Allgemein
  • Dieses Quiz wurde 243 mal gespielt
  • Das Durchschnittsergebnis liegt bei 30 aus 48
Antwortstatistiken
# Land Stadt % Korrekt
17 DE Köln
100%
2 DE Berlin
94%
9 DE Düsseldorf
94%
3 DE München
89%
5 DE Frankfurt
87%
3 DE Hamburg
87%
6 DE Dortmund
85%
13 DE Koblenz
85%
2 AT Wien
82%
4 DE Essen
81%
4 DE Stuttgart
80%
10 DE Mainz
79%
2 DE Bremen
77%
6 DE Duisburg
77%
3 DE Hannover
73%
1 LU Luxemburg
73%
4 DE Mannheim
69%
5 DE Nürnberg
69%
1 DE Leipzig
68%
1 AT Salzburg
67%
4 DE Wuppertal
67%
1 CH Basel
65%
2 DE Leverkusen
63%
4 DE Münster
63%
1 DE Kiel
62%
2 DE Karlsruhe
59%
3 DE Bielefeld
58%
1 DE Trier
58%
2 DE Augsburg
57%
2 AT Innsbruck
57%
1 DE Freiburg
55%
2 AT Linz
54%
2 DE Oberhausen
51%
1 DE Magdeburg
49%
3 DE Hamm
48%
2 DE Ulm
48%
3 DE Hagen
47%
3 DE Heidelberg
46%
3 DE Würzburg
46%
1 DE Braunschweig
45%
3 DE Solingen
45%
1 DE Wolfsburg
45%
1 DE Halle
41%
3 DE Regensburg
41%
3 DE Regensburg
41%
2 DE Recklinghausen
29%
1 AT Klagenfurt
28%
1 DE Reutlingen
12%
Keine übereinstimmenden Quizze gefunden
Verteilung der Resultate
Anzahl Personen mit jedem Resultat
Perzentil nach korrekt beantworteten Fragen
Ihre Resultats-Entwicklung
Sie haben dieses Quiz noch nicht gespielt